00321nam a2200133Ia 4500003000400000005001700004008004100021020001600062040002000078100001700098245004800115260001500163260000900178OSt20240202141928.0170524s9999 xx 000 0 und d a 8126112611 cIIMT UNIVERSITY aMalhotra R.K 0aFundamental of Hotal Management & operation bAnmol Pub. c1998